000 00832nam a2200253 a 4500
005 20240806064001.0
008 991125s1990 chi 000 0 eng u
020 _a0852295316
035 _aUPN01000027132
049 _aCG
050 4 _aAC1
_bG7 1990 v.34
100 1 _aSwift, Jonathan,
_d1667-1745
_933338
245 1 0 _aGulliver's travels /
_cJonathan Swift.
260 _aChicago, EUA :
_bEncyclopaedia Britannica,
_c1990.
300 _axxi, 303 p.
440 0 _aGreat books of the western world ;
_v34
501 _aCon: Candide / Voltaire -- Rameau's nephew / Denis Diderot
500 _aBiografĂ­as: p. ix, 187, 253
650 7 _aFilosofĂ­a francesa
_2
_911991
650 4 _aLITERATURA FRANCESA -
_vTRADUCCIONES AL INGLES
650 4 _aLiteratura inglesa
_95228
650 4 _aVIAJES IMAGINARIOS
_94444
905 _aLibro
999 _c27132
_d27132